Wykonawcy muzyczni na literę D - Statystyki

Ogólne statystyki
  • Ten quiz został rozwiązany 14 razy
  • Średni wynik to 6 z 19
Statystyki odpowiedzi
Lata aktywności Państwo Piosenki Zespół lub artysta % Poprawnych
1997–2021 Get Lucky | Around the World Daft Punk
55%
1967– I Will Always Love You | Jolene Dolly Parton
55%
2009– The Motto | God's Plan Drake
55%
1967–2016 Ziggy Stardust | Space Oddity David Bowie
45%
1968– Smoke on the Water | Highway Star Deep Purple
45%
1981– Personal Jesus | People are People Depeche Mode
45%
1992– Nuthin' but a "G" Thang | Keep Their Heads Ringin' Dr. Dre
45%
2017– New Rules | Don't Start Now Dua Lipa
45%
1967–1973 Light My Fire | Riders on the Storm The Doors
45%
1980– Pour Some Sugar on Me | Hysteria Def Leppard
36%
1970– Endless Love | Upside Down Diana Ross
36%
1978–1995 Sultans of Swing | Money For Nothing Dire Straits
36%
1998–2006 Bills, Bills, Bills | Bootylicious Destiny's Child
27%
1974–2012 MacArthur Park | Hot Stuff Donna Summer
27%
1948–1995 That's Amore | Aint' That a Kick in the Head Dean Martin
9%
1982– The Boys of Summer | Dirty Laundry Don Henley
9%
1970– American Pie | Vincent Don McLean
9%
1981– Rio | Save a Prayer Duran Duran
9%
1964–1999 Son of a Preacher Man | Spooky Dusty Springfield
9%
Nie znaleziono quizów pasujących do podanych kryteriów
Rozkład punktacji
Procent ludzi z każdym wynikiem
Percentyl według liczby udzielonych odpowiedzi
Twoja historia wyników
Nie rozwiązałeś tego quizu